| 000 | 00406cam a2200169ua 4500 | ||
|---|---|---|---|
| 020 | _c4.50 | ||
| 041 |
_amal _h |
||
| 082 |
_a894.812308 _bDUM/KA |
||
| 100 | _aDumas, Alexandre . | ||
| 245 |
_aKamile / _cAlexndre Dumas. _hTextual Documents |
||
| 260 |
_aCherpulassery : _bUdaya Publications , _c1960. |
||
| 300 | _a391 ; . | ||
| 365 | _a4.50 | ||
| 504 | _a | ||
| 942 | _cBK | ||
| 999 |
_c4302 _d4302 |
||